Solar power integration into main grid using dual converters (Record no. 331444)
[ view plain ]
| 000 -LEADER | |
|---|---|
| fixed length control field | 00531nam a2200145 4500 |
| 082 ## - DEWEY DECIMAL CLASSIFICATION NUMBER | |
| Classification number | BEE-5 ARS |
| 100 ## - MAIN ENTRY--PERSONAL NAME | |
| Personal name | Arsal Syed | Khawaja M. Abdul Rahman | Ahmed Shaheer |
| 245 ## - TITLE STATEMENT | |
| Title | Solar power integration into main grid using dual converters |
| 260 ## - PUBLICATION, DISTRIBUTION, ETC. | |
| Place of publication, distribution, etc. | Islamabad |
| Name of publisher, distributor, etc. | NUST-SEECS |
| Date of publication, distribution, etc. | 2017 |
| 300 ## - PHYSICAL DESCRIPTION | |
| Extent | 63p. |
| Accompanying material | CD Includes |
| 856 ## - Uniform Resource Identifier | |
| Uniform Resource Identifier | <a href="http://10.250.8.41:8080/xmlui/handle/123456789/29091">http://10.250.8.41:8080/xmlui/handle/123456789/29091</a> |
| 942 ## - ADDED ENTRY ELEMENTS (KOHA) | |
| Source of classification or shelving scheme | |
| Koha item type | Thesis |
| Withdrawn status | Lost status | Source of classification or shelving scheme | Damaged status | Not for loan | Collection code | Permanent Location | Current Location | Shelving location | Date acquired | Source of acquisition | Full call number | Barcode | Date last seen | Price effective from | Koha item type |
|---|---|---|---|---|---|---|---|---|---|---|---|---|---|---|---|
| WITHDRAWN | Central Library (CL) | Central Library (CL) | General Stacks | 09/28/2017 | NUST-SEECS | BEE-5 ARS | SEECSP02101 | 09/28/2017 | 09/28/2017 | Project Report |
